Математически-ориентированный расчет объемов автоматизации производственных процессов; Молодежь и современные информационные технологии; Т. 1
| Parent link: | Молодежь и современные информационные технологии: сборник трудов XII Всероссийской научно-практической конференции студентов, аспирантов и молодых ученых, г. Томск, 12-14 ноября 2014 г./ Национальный исследовательский Томский политехнический университет (ТПУ), Институт кибернетики (ИК) ; ред. кол. Е. А. Сикора [и др.].— , 2014 Т. 1.— 2014.— [С. 372-373] |
|---|---|
| मुख्य लेखक: | |
| निगमित लेखक: | |
| अन्य लेखक: | , |
| सारांश: | Заглавие с титульного экрана |
| भाषा: | रूसी |
| प्रकाशित: |
2014
|
| श्रृंखला: | Интеллектуальные и виртуальные системы |
| विषय: | |
| ऑनलाइन पहुंच: | http://earchive.tpu.ru/handle/11683/20173 http://www.lib.tpu.ru/fulltext/c/2014/C04/V1/177.pdf |
| स्वरूप: | MixedMaterials इलेक्ट्रोनिक पुस्तक अध्याय |
| KOHA link: | https://koha.lib.tpu.ru/cgi-bin/koha/opac-detail.pl?biblionumber=610695 |
MARC
| LEADER | 00000naa2a2200000 4500 | ||
|---|---|---|---|
| 001 | 610695 | ||
| 005 | 20240207144823.0 | ||
| 035 | |a (RuTPU)RU\TPU\conf\8328 | ||
| 035 | |a RU\TPU\conf\8326 | ||
| 090 | |a 610695 | ||
| 100 | |a 20150203d2014 k y0rusy50 ca | ||
| 101 | 0 | |a rus | |
| 102 | |a RU | ||
| 105 | |a y z 101zy | ||
| 135 | |a drgn ---uucaa | ||
| 181 | 0 | |a i | |
| 182 | 0 | |a b | |
| 200 | 1 | |a Математически-ориентированный расчет объемов автоматизации производственных процессов |f В. А. Котов, Е. И. Громаков, А. В. Лиепиньш | |
| 203 | |a Текст |c электронный | ||
| 225 | 1 | |a Интеллектуальные и виртуальные системы | |
| 300 | |a Заглавие с титульного экрана | ||
| 320 | |a [Библиогр.: с. 373 (3 назв.)] | ||
| 337 | |a Adobe Reader | ||
| 461 | 1 | |0 (RuTPU)RU\TPU\conf\7802 |t Молодежь и современные информационные технологии |o сборник трудов XII Всероссийской научно-практической конференции студентов, аспирантов и молодых ученых, г. Томск, 12-14 ноября 2014 г. |o в 2 т. |f Национальный исследовательский Томский политехнический университет (ТПУ), Институт кибернетики (ИК) ; ред. кол. Е. А. Сикора [и др.] |d 2014 | |
| 463 | 0 | |0 (RuTPU)RU\TPU\conf\7790 |t Т. 1 |v [С. 372-373] |d 2014 | |
| 610 | 1 | |a труды учёных ТПУ | |
| 610 | 1 | |a электронный ресурс | |
| 610 | 1 | |a математические расчеты | |
| 610 | 1 | |a автоматизация | |
| 610 | 1 | |a производственные процессы | |
| 610 | 1 | |a объекты управления | |
| 610 | 1 | |a технологические процессы | |
| 700 | 1 | |a Котов |b В. А. | |
| 701 | 1 | |a Громаков |b Е. И. |c специалист в области автоматизированных систем управления |c доцент Томского политехнического университета, кандидат технических наук |f 1943- |g Евгений Иванович |3 (RuTPU)RU\TPU\pers\25727 |9 11629 | |
| 701 | 1 | |a Лиепиньш |b А. В. |c специалист в области автоматики и электроники |c заведующий кафедрой Томского политехнического университета, кандидат технических наук |f 1974- |g Андрей Вилнисович |3 (RuTPU)RU\TPU\pers\30837 | |
| 712 | 0 | 2 | |a Национальный исследовательский Томский политехнический университет (ТПУ) |b Институт кибернетики (ИК) |b Кафедра интегрированных компьютерных систем управления (ИКСУ) |3 (RuTPU)RU\TPU\col\18701 |
| 801 | 2 | |a RU |b 63413507 |c 20210319 |g RCR | |
| 856 | 4 | |u http://earchive.tpu.ru/handle/11683/20173 | |
| 856 | 4 | |u http://www.lib.tpu.ru/fulltext/c/2014/C04/V1/177.pdf | |
| 942 | |c BK | ||